[Event "Africa-ch (Women)"]
[Site "Giza"]
[Date "2023.05.13"]
[Round "9"]
[White "Latreche, Sabrina"]
[Black "Wafa, Shahenda"]
[Result "1-0"]
[WhiteElo "2036"]
[BlackElo "2101"]
[PlyCount "135"]
[EventDate "2023.05.06"]
[EventType "swiss"]
[EventRounds "9"]
[EventCountry "EGY"]
[SourceTitle "CBM 214 Extra"]
[Source "ChessBase"]
[SourceDate "2023.07.31"]
[SourceVersion "1"]
[SourceVersionDate "2023.07.31"]
[SourceQuality "1"]

1. e4 c5 2. Nf3 d6 3. d4 cxd4 4. Qxd4 Nc6 5. Qe3 Nf6 6. h3 g6 7. Be2 Bg7 8. 0-0 0-0 9. Rd1 Qc7 10. Nc3 a6 11. Qf4 b5 12. a3 Bb7 13. Qh4 Na5 14. Bh6 Nc4 15. Bxc4 Qxc4 16. Rd4 Qc5 17. Rad1 Qh5 18. Qxh5 Nxh5 19. Bxg7 Kxg7 20. Nd2 Nf4 21. Nb3 Rac8 22. R4d2 f5 23. Re1 fxe4 24. Nxe4 Rc4 25. f3 Bxe4 26. Rxe4 Rxe4 27. fxe4 Rc8 28. Kf2 g5 29. Ke3 Ng6 30. Nd4 Ne5 31. b3 Rc3+ 32. Kf2 Kf6 33. Ne2 Rc7 34. Ke3 g4 35. Nf4 Rc8 36. Rf2 gxh3 37. gxh3 Ng6 38. Nd3+ Kg7 39. Kd4 e6 40. e5 dxe5+ 41. Nxe5 Rd8+ 42. Ke4 Rd5 43. Nd3 Rh5 44. Rf3 a5 45. b4 axb4 46. axb4 Rh4+ 47. Ke3 e5 48. Rg3 Kf6 49. c3 Ne7 50. Kd2 Nf5 51. Rg8 Rxh3 52. Rf8+ Ke6 53. Nc5+ Kd5 54. Rxf5 Rh2+ 55. Kd3 Rh3+ 56. Kc2 Kc4 57. Ne4 Kd5 58. Nf2 Rg3 59. Kb3 Rg7 60. Rh5 Kd6 61. Rh6+ Kd5 62. Rb6 h5 63. Rxb5+ Kd6 64. Rb6+ Kd5 65. Nd3 Rg5 66. Nc5 h4 67. c4+ Kd4 68. Ne6+ 1-0

[Event "Arab-ch (Women)"]
[Site "Khartoum"]
[Date "2023.03.04"]
[Round "8"]
[White "Anood, Ahmad"]
[Black "Latreche, Sabrina"]
[Result "0-1"]
[WhiteElo "1426"]
[BlackElo "2068"]
[PlyCount "76"]
[EventDate "2023.02.26"]
[EventType "swiss"]
[EventRounds "9"]
[EventCountry "SUD"]
[SourceTitle "CBM 213 Extra"]
[Source "ChessBase"]
[SourceDate "2023.05.31"]
[SourceVersion "1"]
[SourceVersionDate "2023.05.31"]
[SourceQuality "1"]

1. d4 Nf6 2. c4 e6 3. Nc3 Bb4 4. Qc2 0-0 5. a3 Bxc3+ 6. bxc3 b6 7. Bg5 h6 8. Bh4 Bb7 9. f3 d5 10. e3 Nbd7 11. cxd5 exd5 12. Bd3 Re8 13. Bf2 c5 14. Bb5 a6 15. Bxd7 Nxd7 16. Nh3 Rc8 17. Qb2 b5 18. 0-0 Nb6 19. Rac1 Nc4 20. Qa2 Nxe3 21. Bxe3 Rxe3 22. Nf4 Qg5 23. Nh3 Qf6 24. Qb2 cxd4 25. cxd4 Rxc1 26. Rxc1 Qe7 27. Qb4 Qe8 28. Nf2 Bc8 29. h3 Bf5 30. Kh2 Re2 31. Ng4 Qb8+ 32. Kh1 Qg3 33. Rg1 h5 34. Nh6+ gxh6 35. Qa5 Bxh3 36. Qd8+ Kh7 37. Qf6 Bxg2+ 38. Rxg2 Qxg2# 0-1

[Event "Arab-ch (Women)"]
[Site "Khartoum"]
[Date "2023.02.28"]
[Round "4"]
[White "Khalil, Manar"]
[Black "Latreche, Sabrina"]
[Result "0-1"]
[WhiteElo "1877"]
[BlackElo "2068"]
[PlyCount "98"]
[EventDate "2023.02.26"]
[EventType "swiss"]
[EventRounds "9"]
[EventCountry "SUD"]
[SourceTitle "CBM 213 Extra"]
[Source "ChessBase"]
[SourceDate "2023.05.31"]
[SourceVersion "1"]
[SourceVersionDate "2023.05.31"]
[SourceQuality "1"]

1. e4 e5 2. Nf3 Nc6 3. d4 exd4 4. Nxd4 Bc5 5. Nb3 Bb4+ 6. c3 Be7 7. f4 d6 8. Bc4 Nf6 9. 0-0 Nxe4 10. Bxf7+ Kxf7 11. Qd5+ Be6 12. Qxe4 Bf6 13. f5 Bxb3 14. axb3 Re8 15. Qd5+ Kf8 16. Bf4 Re2 17. Nd2 Qe7 18. Rf3 Re8 19. Raf1 Re1 20. Qb5 Rxf1+ 21. Nxf1 Nd8 22. Ne3 Qe4 23. Qd7 Qc6 24. Qxc6 bxc6 25. Rf1 Nb7 26. Kf2 Nc5 27. Rd1 Nxb3 28. Nc2 a5 29. g4 h6 30. Ne3 Re4 31. Kg3 Ra4 32. h4 Bxh4+ 33. Kxh4 Rxf4 34. Kh5 Kf7 35. g5 hxg5 36. Kxg5 Re4 37. Ng2 Re2 38. Nf4 Rxb2 39. Ne6 Rg2+ 40. Kf4 Rf2+ 41. Kg5 Nd2 42. Nd8+ Kf8 43. Ne6+ Kg8 44. Nxc7 Ne4+ 45. Kg4 a4 46. Rd4 Nf6+ 47. Kg5 Rg2+ 48. Kf4 Rg4+ 49. Ke3 Rxd4 0-1

[Event "Arab-ch (Women)"]
[Site "Khartoum"]
[Date "2023.02.27"]
[Round "3"]
[White "Latreche, Sabrina"]
[Black "Rouda Essa, Alserkal"]
[Result "1-0"]
[WhiteElo "2068"]
[BlackElo "1762"]
[PlyCount "79"]
[EventDate "2023.02.26"]
[EventType "swiss"]
[EventRounds "9"]
[EventCountry "SUD"]
[SourceTitle "CBM 213 Extra"]
[Source "ChessBase"]
[SourceDate "2023.05.31"]
[SourceVersion "1"]
[SourceVersionDate "2023.05.31"]
[SourceQuality "1"]

1. e4 e5 2. Nc3 Nf6 3. Bc4 Nc6 4. d3 Bc5 5. h3 h6 6. a3 a6 7. Be3 Ba7 8. Bxa7 Rxa7 9. Nge2 d6 10. 0-0 Be6 11. Nd5 Bxd5 12. exd5 Ne7 13. Nc3 c6 14. dxc6 d5 15. Bb3 Nxc6 16. f4 0-0 17. fxe5 Nxe5 18. Rf5 Re8 19. Qf1 b5 20. Qf2 Rae7 21. Rf1 Qd6 22. Rxf6 Qxf6 23. Qxf6 gxf6 24. Nxd5 Kg7 25. Nxe7 Rxe7 26. Rf4 Nc6 27. Bd5 Re1+ 28. Kf2 Rc1 29. c4 Ne5 30. Ke3 bxc4 31. Bxc4 Rc2 32. Rf2 Nxc4+ 33. dxc4 Rxc4 34. Kd3 Rc8 35. b4 Rc1 36. Rc2 Rd1+ 37. Kc4 Rd7 38. b5 Rc7+ 39. Kb3 Rb7 40. b6 1-0

[Event "FIDE World Cup (Women)"]
[Site "Krasnaya Polyana"]
[Date "2021.07.14"]
[Round "1.3"]
[White "Buksa, Nataliya"]
[Black "Latreche, Sabrina"]
[Result "1-0"]
[WhiteElo "2413"]
[BlackElo "2076"]
[PlyCount "100"]
[EventDate "2021.07.12"]
[EventType "k.o."]
[EventRounds "7"]
[EventCountry "RUS"]
[SourceTitle "CBM 203"]
[Source "ChessBase"]
[SourceDate "2021.08.31"]
[SourceVersion "1"]
[SourceVersionDate "2021.08.31"]
[SourceQuality "1"]

1. e4 e5 2. Nf3 Nc6 3. Bb5 Nf6 4. d3 Bc5 5. Bxc6 dxc6 6. Nbd2 0-0 7. Nc4 Re8 8. Qe2 Bg4 9. h3 Bxf3 10. Qxf3 Nd7 11. Bd2 Re6 12. Be3 Rf6 13. Qe2 Bxe3 14. Qxe3 Rg6 15. 0-0 Qe7 16. f4 exf4 17. Qxf4 Nc5 18. Rae1 Ne6 19. Qe3 c5 20. Rf2 Rf6 21. Ref1 Rxf2 22. Qxf2 Rf8 23. Ne3 Qg5 24. Nf5 b6 25. a4 Kh8 26. Qe3 Qxe3+ 27. Nxe3 c6 28. Nf5 Nd4 29. c3 Nxf5 30. Rxf5 f6 31. Kf2 g6 32. Rf3 Kg7 33. Ke3 Re8 34. g4 h5 35. gxh5 g5 36. h4 gxh4 37. Rh3 Re5 38. Rxh4 Rg5 39. Kf4 Kh6 40. Rh2 a6 41. d4 cxd4 42. cxd4 Ra5 43. b3 b5 44. e5 fxe5+ 45. dxe5 bxa4 46. e6 Rb5 47. bxa4 Rb4+ 48. Kf5 Rb1 49. Re2 Kg7 50. e7 Rf1+ 1-0

[Event "FIDE World Cup (Women)"]
[Site "Krasnaya Polyana"]
[Date "2021.07.12"]
[Round "1.1"]
[White "Buksa, Nataliya"]
[Black "Latreche, Sabrina"]
[Result "1-0"]
[WhiteElo "2413"]
[BlackElo "2076"]
[PlyCount "95"]
[EventDate "2021.07.12"]
[EventType "k.o."]
[EventRounds "7"]
[EventCountry "RUS"]
[SourceTitle "CBM 203"]
[Source "ChessBase"]
[SourceDate "2021.08.31"]
[SourceVersion "1"]
[SourceVersionDate "2021.08.31"]
[SourceQuality "1"]

1. e4 e5 2. Nf3 Nc6 3. Bb5 a6 4. Ba4 Nf6 5. 0-0 b5 6. Bb3 Bc5 7. c3 d6 8. d4 Bb6 9. h3 0-0 10. Re1 h6 11. Be3 exd4 12. cxd4 Na5 13. Bc2 Bb7 14. Nbd2 Re8 15. Qb1 d5 16. e5 Nd7 17. b3 Nf8 18. Nf1 Ne6 19. Ng3 Nc6 20. Qd1 Nb4 21. Bb1 c5 22. dxc5 d4 23. Nxd4 Bxc5 24. Ngf5 Bxd4 25. Nxd4 Nxd4 26. Qxd4 Qxd4 27. Bxd4 Rad8 28. Bb6 Rc8 29. Be4 Bxe4 30. Rxe4 Nd3 31. Re3 Nb4 32. Re4 Nd3 33. Bd4 Rc2 34. a4 Nc1 35. axb5 axb5 36. Ra7 Ne2+ 37. Kh2 Nxd4 38. Rxd4 Rxe5 39. Rd8+ Kh7 40. Rxf7 Ree2 41. Rdd7 Rxf2 42. Rxg7+ Kh8 43. Rg6 Rb2 44. Rxh6+ Kg8 45. Rg6+ Kf8 46. Rg3 Rf1 47. Rc3 Ke8 48. Rb7 1-0

[Event "Africa-ch Blitz (Women)"]
[Site "Casablanca"]
[Date "2019.08.28"]
[Round "6.3"]
[White "Haile, Lidet Abate"]
[Black "Latreche, Sabrina"]
[Result "0-1"]
[WhiteElo "1560"]
[BlackElo "1983"]
[PlyCount "104"]
[EventDate "2019.08.28"]
[EventType "swiss (blitz)"]
[EventRounds "9"]
[EventCountry "MAR"]
[SourceTitle "EXT 2024"]
[Source "ChessBase"]
[SourceDate "2023.10.10"]
[SourceVersion "1"]
[SourceVersionDate "2023.10.10"]
[SourceQuality "1"]

1. e4 e5 2. Nf3 Nc6 3. Bb5 g6 4. 0-0 Bg7 5. d3 Nge7 6. c3 a6 7. Ba4 b5 8. Bc2 0-0 9. Bg5 h6 10. Bh4 g5 11. Bg3 Ng6 12. h3 d6 13. Re1 Nce7 14. a4 c6 15. axb5 cxb5 16. Nbd2 Bb7 17. Nf1 Rc8 18. Bb3 Kh7 19. Qd2 f5 20. exf5 Nxf5 21. N3h2 Nxg3 22. Nxg3 Nf4 23. f3 Qf6 24. Ne4 Bxe4 25. dxe4 Nh5 26. Ng4 Qe7 27. Rxa6 Rfd8 28. Qe2 Qb7 29. Raa1 Qb6+ 30. Qf2 Qc6 31. Bd5 Qc5 32. Qxc5 Rxc5 33. Ra7 Nf4 34. Nf6+ Kg6 35. Ng4 Nxd5 36. exd5 Rxd5 37. Nf2 Rd2 38. Rb1 d5 39. Rb7 d4 40. cxd4 exd4 41. Rxb5 d3 42. Ne4 Re2 43. Rb6+ Kh7 44. Ng3 Bd4+ 45. Kh1 Bxb6 46. Nxe2 dxe2 47. Re1 Rd1 48. Rxd1 exd1Q+ 49. Kh2 Bc7+ 50. g3 Qe2+ 51. Kg1 Qxf3 52. h4 Qxg3+ 0-1

[Event "Africa-ch Blitz (Women)"]
[Site "Casablanca"]
[Date "2019.08.28"]
[Round "7.1"]
[White "Latreche, Sabrina"]
[Black "Wafa, Shahenda"]
[Result "0-1"]
[WhiteElo "1983"]
[BlackElo "2003"]
[PlyCount "94"]
[EventDate "2019.08.28"]
[EventType "swiss (blitz)"]
[EventRounds "9"]
[EventCountry "MAR"]
[SourceTitle "EXT 2024"]
[Source "ChessBase"]
[SourceDate "2023.10.10"]
[SourceVersion "1"]
[SourceVersionDate "2023.10.10"]
[SourceQuality "1"]

1. e4 c5 2. Nf3 Nc6 3. Bb5 g6 4. 0-0 Bg7 5. Re1 e5 6. Bc4 Nf6 7. d3 d6 8. Nc3 0-0 9. Bg5 h6 10. Bxf6 Bxf6 11. Nd5 Bg7 12. h3 Na5 13. Nh2 Nxc4 14. dxc4 f5 15. Nc3 Be6 16. b3 Qe7 17. Qd2 Rad8 18. Nd5 Qf7 19. Rad1 Kh7 20. Nf1 f4 21. f3 g5 22. Qa5 b6 23. Qa6 h5 24. Kf2 g4 25. hxg4 hxg4 26. Nd2 gxf3 27. Rh1+ Kg8 28. gxf3 Bxd5 29. exd5 Qg6 30. Ne4 Rd7 31. Rdg1 Qf5 32. Rg5 Qf7 33. Rhg1 Qe8 34. Nxd6 Qd8 35. Nf5 Rff7 36. Nh6+ Kf8 37. Nxf7 Rxf7 38. Qb5 e4 39. Ke2 exf3+ 40. Kxf3 Qf6 41. Qc6 Qc3+ 42. Kg4 Re7 43. Qc8+ Kf7 44. Qf5+ Kg8 45. Kh5 Qf3+ 46. R5g4 Qh3+ 47. Kg5 Qh6# 0-1

[Event "Africa-ch Blitz (Women)"]
[Site "Casablanca"]
[Date "2019.08.28"]
[Round "3.3"]
[White "Latreche, Sabrina"]
[Black "Wakuruwarewa, Colletta"]
[Result "1-0"]
[WhiteElo "1983"]
[BlackElo "1587"]
[PlyCount "105"]
[EventDate "2019.08.28"]
[EventType "swiss (blitz)"]
[EventRounds "9"]
[EventCountry "MAR"]
[SourceTitle "EXT 2024"]
[Source "ChessBase"]
[SourceDate "2023.10.10"]
[SourceVersion "1"]
[SourceVersionDate "2023.10.10"]
[SourceQuality "1"]

1. e4 e6 2. b3 d5 3. exd5 exd5 4. Bb2 Nf6 5. Ne2 c5 6. d4 Nc6 7. Nd2 Bf5 8. Nf3 Nb4 9. Rc1 Nxa2 10. Ra1 Nb4 11. Rc1 h6 12. Ng3 Bh7 13. Bd3 Bxd3 14. cxd3 cxd4 15. Nxd4 b6 16. 0-0 Be7 17. Ba3 0-0 18. Ngf5 Bc5 19. Bxb4 Bxb4 20. Nc6 Qd7 21. Qf3 Bc5 22. b4 Qxc6 23. bxc5 Qa4 24. Nxh6+ gxh6 25. Qxf6 bxc5 26. Rxc5 Qg4 27. Rxd5 Qg6 28. Qf3 a5 29. Rd4 Kh7 30. Re1 Rfe8 31. Rde4 Rxe4 32. Rxe4 a4 33. Re7 Rf8 34. h4 Kg7 35. h5 Qf6 36. Ra7 Qa1+ 37. Kh2 Qe5+ 38. g3 Qb5 39. Qg4+ Kh7 40. Qe4+ Kg7 41. Rxa4 Qxh5+ 42. Kg2 Qd1 43. Rd4 Qb3 44. Qg4+ Kh7 45. Qf5+ Kh8 46. Rh4 Qb7+ 47. Kh2 Qc6 48. Qe5+ f6 49. Rxh6+ Kg7 50. Qh5 Qe8 51. Rh7+ Kg8 52. Rh8+ Kg7 53. Qh6+ 1-0

[Event "Africa-ch Blitz (Women)"]
[Site "Casablanca"]
[Date "2019.08.28"]
[Round "4.2"]
[White "Nassr, Lina"]
[Black "Latreche, Sabrina"]
[Result "1/2-1/2"]
[WhiteElo "1791"]
[BlackElo "1983"]
[PlyCount "22"]
[EventDate "2019.08.28"]
[EventType "swiss (blitz)"]
[EventRounds "9"]
[EventCountry "MAR"]
[SourceTitle "EXT 2024"]
[Source "ChessBase"]
[SourceDate "2023.10.10"]
[SourceVersion "1"]
[SourceVersionDate "2023.10.10"]
[SourceQuality "1"]

1. d4 d5 2. Nf3 Nc6 3. e3 e6 4. b3 Nf6 5. Bb2 Bd6 6. a3 Ne7 7. Bd3 Ng6 8. Nbd2 0-0 9. 0-0 c6 10. c4 Qe7 11. Qe2 e5 1/2-1/2

[Event "Africa-ch Blitz (Women)"]
[Site "Casablanca"]
[Date "2019.08.28"]
[Round "9.2"]
[White "Wafa, Shrook"]
[Black "Latreche, Sabrina"]
[Result "1-0"]
[WhiteElo "2044"]
[BlackElo "1983"]
[PlyCount "75"]
[EventDate "2019.08.28"]
[EventType "swiss (blitz)"]
[EventRounds "9"]
[EventCountry "MAR"]
[SourceTitle "EXT 2024"]
[Source "ChessBase"]
[SourceDate "2023.10.10"]
[SourceVersion "1"]
[SourceVersionDate "2023.10.10"]
[SourceQuality "1"]

1. e4 e5 2. Nf3 Nc6 3. d4 exd4 4. Bc4 Nf6 5. e5 d5 6. Bb5 Ne4 7. Nxd4 Bc5 8. f3 Bxd4 9. Qxd4 Ng5 10. 0-0 Ne6 11. Qc3 Bd7 12. f4 Nxe5 13. Bxd7+ Nxd7 14. f5 Nec5 15. Qxg7 Qf6 16. Re1+ Ne4 17. Qxf6 Ndxf6 18. Bg5 0-0-0 19. Bxf6 Nxf6 20. Nd2 Rde8 21. h3 Kd7 22. Kf2 Rhg8 23. Rxe8 Kxe8 24. Re1+ Kd7 25. c4 c6 26. cxd5 cxd5 27. Nf3 Ne4+ 28. Kg1 f6 29. Rd1 Kd6 30. Nd4 a6 31. Nc2 Rg3 32. Kh2 Ke5 33. Nb4 d4 34. Re1 Rg5 35. Nd3+ Kxf5 36. g4+ Kg6 37. Rxe4 Rd5 38. Nf4+ 1-0

[Event "Africa-chT rapid (Women)"]
[Site "Casablanca"]
[Date "2019.08.27"]
[Round "9.4"]
[White "Latreche, Sabrina"]
[Black "Marzouk, Amira"]
[Result "1-0"]
[WhiteElo "1915"]
[BlackElo "1639"]
[PlyCount "31"]
[EventDate "2019.08.26"]
[EventType "swiss (rapid)"]
[EventRounds "9"]
[EventCountry "MAR"]
[SourceTitle "EXT 2020"]
[Source "ChessBase"]
[SourceDate "2019.10.17"]
[SourceVersion "1"]
[SourceVersionDate "2019.10.17"]
[SourceQuality "1"]

1. e4 c5 2. Nf3 d6 3. b3 Nf6 4. d3 g6 5. Bb2 Bg7 6. Be2 Nc6 7. 0-0 0-0 8. c3 a6 9. a4 Rb8 10. Nbd2 b5 11. axb5 axb5 12. d4 cxd4 13. cxd4 Qb6 14. d5 Na7 15. Bd4 Qd8 16. Rxa7 1-0

[Event "Africa-chT rapid (Women)"]
[Site "Casablanca"]
[Date "2019.08.26"]
[Round "4.2"]
[White "Wafa, Shahenda"]
[Black "Latreche, Sabrina"]
[Result "1-0"]
[WhiteElo "2006"]
[BlackElo "1915"]
[PlyCount "89"]
[EventDate "2019.08.26"]
[EventType "swiss (rapid)"]
[EventRounds "9"]
[EventCountry "MAR"]
[SourceTitle "EXT 2020"]
[Source "ChessBase"]
[SourceDate "2019.10.17"]
[SourceVersion "1"]
[SourceVersionDate "2019.10.17"]
[SourceQuality "1"]

1. e4 e5 2. Nf3 Nc6 3. d4 exd4 4. Bc4 Nf6 5. e5 d5 6. Bb5 Ne4 7. Nxd4 Bc5 8. Be3 Bd7 9. Bxc6 bxc6 10. 0-0 0-0 11. f3 Ng5 12. f4 Ne4 13. Nd2 Nxd2 14. Qxd2 Bb6 15. Nb3 Qe7 16. Qc3 f6 17. Bc5 fxe5 18. fxe5 Rxf1+ 19. Rxf1 Rf8 20. Rxf8+ Qxf8 21. Qe3 Qf5 22. Bxb6 cxb6 23. Nd4 Qe4 24. Qxe4 dxe4 25. b4 c5 26. bxc5 bxc5 27. Nb3 Ba4 28. Nxc5 Bxc2 29. Kf2 Kf7 30. Ke3 h6 31. Nxe4 Ke6 32. Kd4 Bd1 33. Nc5+ Kf5 34. Kd5 Bh5 35. e6 Be8 36. Ne4 Ba4 37. e7 g5 38. Nd6+ Kf4 39. e8Q Bxe8 40. Nxe8 Ke3 41. g4 Kf3 42. Nf6 Kg2 43. Ke5 Kxh2 44. Kf5 Kg3 45. Ke4 1-0

[Event "Africa-chT rapid"]
[Site "Casablanca"]
[Date "2019.08.25"]
[Round "9.2"]
[White "Eshete, Ruth Leykun"]
[Black "Latreche, Sabrina"]
[Result "0-1"]
[WhiteElo "1495"]
[BlackElo "2064"]
[PlyCount "56"]
[EventDate "2019.08.24"]
[EventType "team-swiss (rapid)"]
[EventRounds "9"]
[EventCountry "MAR"]
[SourceTitle "EXT 2020"]
[Source "ChessBase"]
[SourceDate "2019.10.17"]
[SourceVersion "1"]
[SourceVersionDate "2019.10.17"]
[SourceQuality "1"]
[WhiteTeam "Ethiopia"]
[BlackTeam "Algeria"]
[WhiteTeamCountry "ETH"]
[BlackTeamCountry "ALG"]

1. d4 Nf6 2. c4 e6 3. a3 d5 4. Nc3 c6 5. Bg5 h6 6. Bh4 g5 7. Bg3 dxc4 8. e3 b5 9. Qf3 Nd5 10. Nge2 Bg7 11. a4 Qa5 12. Kd1 0-0 13. e4 Nxc3+ 14. Qxc3 Qxc3 15. bxc3 Nd7 16. e5 Nb6 17. axb5 cxb5 18. Kc2 a5 19. f4 f6 20. Bf2 Nd5 21. g3 fxe5 22. dxe5 gxf4 23. gxf4 Nxf4 24. Bc5 Rf7 25. Bd4 Bb7 26. Rg1 Be4+ 27. Kb2 Nd3+ 28. Kc2 Kh7 0-1

[Event "Africa-chT rapid"]
[Site "Casablanca"]
[Date "2019.08.24"]
[Round "5.2"]
[White "Latreche, Sabrina"]
[Black "Gabatshwarwe, Refilwe"]
[Result "1-0"]
[WhiteElo "2064"]
[BlackElo "1649"]
[PlyCount "55"]
[EventDate "2019.08.24"]
[EventType "team-swiss (rapid)"]
[EventRounds "9"]
[EventCountry "MAR"]
[SourceTitle "EXT 2020"]
[Source "ChessBase"]
[SourceDate "2019.10.17"]
[SourceVersion "1"]
[SourceVersionDate "2019.10.17"]
[SourceQuality "1"]
[WhiteTeam "Algeria"]
[BlackTeam "Botswana"]
[WhiteTeamCountry "ALG"]
[BlackTeamCountry "BOT"]

1. e4 e5 2. Nf3 Nc6 3. d4 exd4 4. Bc4 d6 5. Nxd4 Bd7 6. Nc3 Nf6 7. 0-0 Be7 8. h3 h6 9. Be3 Ne5 10. Be2 0-0 11. f4 Nc6 12. Bf3 Nxd4 13. Bxd4 Bc6 14. Qd3 a6 15. Rad1 Re8 16. e5 Bxf3 17. Qxf3 Nh7 18. Qxb7 Qb8 19. Qc6 dxe5 20. fxe5 Bf8 21. Nd5 Re6 22. Qxc7 Qe8 23. Qc3 Rc8 24. Qd3 Qb5 25. Qxb5 axb5 26. c3 Bc5 27. b4 Bxd4+ 28. cxd4 1-0

[Event "Africa-chT rapid"]
[Site "Casablanca"]
[Date "2019.08.24"]
[Round "4.4"]
[White "Ofowino, Toritsemuwa"]
[Black "Latreche, Sabrina"]
[Result "1/2-1/2"]
[WhiteElo "1877"]
[BlackElo "2064"]
[PlyCount "89"]
[EventDate "2019.08.24"]
[EventType "team-swiss (rapid)"]
[EventRounds "9"]
[EventCountry "MAR"]
[SourceTitle "EXT 2020"]
[Source "ChessBase"]
[SourceDate "2019.10.17"]
[SourceVersion "1"]
[SourceVersionDate "2019.10.17"]
[SourceQuality "1"]
[WhiteTeam "Nigeria"]
[BlackTeam "Algeria"]
[WhiteTeamCountry "NGR"]
[BlackTeamCountry "ALG"]

1. d4 f5 2. Bf4 Nf6 3. e3 b6 4. h3 Bb7 5. Nf3 e6 6. Be2 Be7 7. 0-0 0-0 8. c4 Ne4 9. Qc2 c5 10. Nc3 d6 11. Rad1 a6 12. Bh2 Nd7 13. Nd2 Nxd2 14. Rxd2 cxd4 15. exd4 Qe8 16. Qd1 Rc8 17. Bh5 g6 18. Be2 f4 19. d5 e5 20. Rc2 Nf6 21. Qd3 Rc7 22. Bf3 Bc8 23. Ne4 Bf5 24. Nxf6+ Rxf6 25. Be4 Qf8 26. Bxf5 gxf5 27. f3 Rg6 28. Kh1 Bh4 29. Bg1 Rb7 30. Rfc1 Bd8 31. b4 a5 32. c5 dxc5 33. bxc5 bxc5 34. Bxc5 Qf6 35. d6 Rgg7 36. Qd5+ Kh8 37. Ba3 Rbd7 38. Rc8 Qg5 39. R1c2 Qg3 40. Qxe5 h6 41. Qe8+ Kh7 42. Rxd8 Rxd8 43. Qxd8 Qe1+ 44. Kh2 Qg3+ 45. Kg1 1/2-1/2

[Event "Africa-ch (Women)"]
[Site "Hammamet"]
[Date "2019.07.11"]
[Round "3.2"]
[White "Mwango, Lorita"]
[Black "Latreche, Sabrina"]
[Result "0-1"]
[WhiteElo "1931"]
[BlackElo "2062"]
[PlyCount "78"]
[EventDate "2019.07.09"]
[EventType "swiss"]
[EventRounds "9"]
[EventCountry "TUN"]
[SourceTitle "CBM 191 Extra"]
[Source "ChessBase"]
[SourceDate "2019.09.30"]
[SourceVersion "1"]
[SourceVersionDate "2019.09.30"]
[SourceQuality "1"]

1. d4 f5 2. Nf3 Nf6 3. e3 e6 4. c4 b6 5. Nc3 Bb7 6. g3 Be7 7. Bg2 0-0 8. 0-0 Qe8 9. b3 Qh5 10. Ne5 Qxd1 11. Rxd1 Bxg2 12. Kxg2 Ne4 13. Nb5 a6 14. Na3 d6 15. Nf3 Nc6 16. Nc2 b5 17. Na3 bxc4 18. Nxc4 a5 19. Nb2 d5 20. Bd2 Nb4 21. Rdc1 c5 22. a3 Nc6 23. Na4 Rfb8 24. Nxc5 Bxc5 25. dxc5 Rxb3 26. Rc2 e5 27. Be1 Rab8 28. Nd2 Rb2 29. Rxb2 Rxb2 30. Nxe4 fxe4 31. Rd1 d4 32. Rd2 Rb1 33. Kf1 Rc1 34. exd4 exd4 35. Ke2 d3+ 36. Kf1 Nd4 37. Rb2 Nf3 38. c6 d2 39. Rxd2 Rxe1+ 0-1

[Event "Montreal Noel op"]
[Site "Montreal"]
[Date "2018.12.27"]
[Round "2"]
[White "Chiku Ratte, Olivier Kenta"]
[Black "Latreche, Sabrina"]
[Result "1-0"]
[WhiteElo "2366"]
[BlackElo "2062"]
[PlyCount "93"]
[EventDate "2018.12.26"]
[EventType "swiss"]
[EventRounds "5"]
[EventCountry "CAN"]
[SourceTitle "CBM 188 Extra"]
[Source "ChessBase"]
[SourceDate "2019.02.26"]
[SourceVersion "1"]
[SourceVersionDate "2019.02.26"]
[SourceQuality "1"]

1. d4 Nf6 2. c4 e6 3. Nc3 Bb4 4. e3 d5 5. Qa4+ Nc6 6. Nf3 Bd7 7. Qc2 dxc4 8. Bxc4 Na5 9. Bd3 c5 10. dxc5 Bxc5 11. 0-0 Rc8 12. Ne5 Nc6 13. Nxd7 Qxd7 14. a3 Be7 15. Rd1 Qc7 16. Ne4 Ng4 17. Ng3 h5 18. Be2 Nxh2 19. Nxh5 g6 20. Qc3 Rh7 21. Nf6+ Bxf6 22. Qxf6 Nf1 23. Qf4 e5 24. Qg5 Nh2 25. Bd2 e4 26. Qd5 Nf3+ 27. Bxf3 exf3 28. Qxf3 Qh2+ 29. Kf1 Rh5 30. Bc3 Rc7 31. Ke2 Rf5 32. Rh1 Qxh1 33. Rxh1 Rxf3 34. Kxf3 Ke7 35. g4 Ke6 36. Ke4 Ne7 37. Rh8 Rc4+ 38. Kf3 Rc8 39. Rh7 a6 40. e4 g5 41. Rh5 Rc5 42. Bb4 Re5 43. Rh8 Ng6 44. Rd8 Nh4+ 45. Ke3 Ng2+ 46. Kd4 f6 47. Re8+ 1-0

[Event "Montreal Noel op"]
[Site "Montreal"]
[Date "2018.12.26"]
[Round "1"]
[White "Latreche, Sabrina"]
[Black "Steinberg, Ellis"]
[Result "1-0"]
[WhiteElo "2062"]
[BlackElo "1745"]
[PlyCount "141"]
[EventDate "2018.12.26"]
[EventType "swiss"]
[EventRounds "5"]
[EventCountry "CAN"]
[SourceTitle "CBM 188 Extra"]
[Source "ChessBase"]
[SourceDate "2019.02.26"]
[SourceVersion "1"]
[SourceVersionDate "2019.02.26"]
[SourceQuality "1"]

1. e4 g6 2. d4 d6 3. h3 Bg7 4. Nf3 Nf6 5. Nc3 c6 6. a4 a5 7. Be3 0-0 8. Qd2 Re8 9. Be2 Qc7 10. 0-0 e5 11. dxe5 dxe5 12. Rfd1 Nbd7 13. Bc4 Nf8 14. Bc5 Be6 15. Bd6 Qd8 16. Bxe6 Rxe6 17. Bxe5 Qxd2 18. Rxd2 Nxe4 19. Nxe4 Bxe5 20. Nc5 Re7 21. Nxe5 Rxe5 22. Nxb7 Rb8 23. Nd6 Re7 24. Nc4 Ne6 25. b3 Ra7 26. Rad1 c5 27. Rd7 Rxd7 28. Rxd7 Nd4 29. Nxa5 Nxc2 30. Rb7 Rd8 31. Nc4 Rd1+ 32. Kh2 Rf1 33. a5 Nb4 34. f3 h5 35. Rb5 h4 36. Rxc5 Nd3 37. Rd5 Nf4 38. Rd2 Nh5 39. g4 hxg3+ 40. Kg2 Ra1 41. b4 Ra4 42. Rb2 Nf4+ 43. Kxg3 Nd3 44. Rb3 Rxb4 45. a6 Rxc4 46. a7 Ra4 47. Rb8+ Kg7 48. a8Q Rxa8 49. Rxa8 Nc5 50. h4 Nd7 51. Kf4 Nf6 52. Ke5 Nd7+ 53. Kd6 Nf6 54. Rd8 Nh5 55. Ke7 Nf6 56. Rd4 Ng8+ 57. Kd6 Nf6 58. Ke5 Nh5 59. Rd6 Ng3 60. Rf6 Nh5 61. Ra6 Ng3 62. Ra7 Nh5 63. f4 Ng3 64. Rb7 Kf8 65. Rb3 Nh5 66. f5 Kg7 67. Rf3 f6+ 68. Ke6 g5 69. hxg5 fxg5 70. f6+ Nxf6 71. Rxf6 1-0

[Event "Arab-ch (Women)"]
[Site "Dubai"]
[Date "2018.12.05"]
[Round "9"]
[White "Jalloul, Maya M"]
[Black "Latreche, Sabrina"]
[Result "0-1"]
[WhiteElo "1874"]
[BlackElo "2046"]
[PlyCount "104"]
[EventDate "2018.11.28"]
[EventType "swiss"]
[EventRounds "9"]
[EventCountry "UAE"]
[SourceTitle "CBM 187 Extra"]
[Source "ChessBase"]
[SourceDate "2018.11.04"]
[SourceVersion "1"]
[SourceVersionDate "2018.11.04"]
[SourceQuality "1"]

1. c4 e5 2. g3 Nf6 3. Bg2 d5 4. cxd5 Nxd5 5. Nc3 Nb6 6. Nf3 Nc6 7. 0-0 Be7 8. a3 Be6 9. b4 Nd4 10. Rb1 f6 11. d3 a5 12. Ne4 axb4 13. axb4 Na4 14. Bd2 Ba2 15. Nxd4 exd4 16. Ra1 Nb6 17. Qc2 Bd5 18. Rxa8 Nxa8 19. Ra1 0-0 20. Ra5 c6 21. Ra7 Qb6 22. Ra1 Rd8 23. Nc5 Nc7 24. Bxd5+ Nxd5 25. Qc4 Kh8 26. Qxd4 Nc7 27. Qc4 Nb5 28. Be3 Bxc5 29. bxc5 Qc7 30. Bd2 Qe7 31. e3 Qe5 32. d4 Qh5 33. Qe6 Qe2 34. Qa2 Rf8 35. Be1 Qf3 36. Qf7 Rg8 37. Qxb7 h5 38. Qd7 f5 39. Qe7 Kh7 40. Qg5 g6 41. h4 Rg7 42. Qf4 Qe2 43. Kg2 Re7 44. Qf3 Qb2 45. Ra8 Nc7 46. Ra7 Qb8 47. Ra1 Nd5 48. Qe2 f4 49. Qa6 fxe3 50. Qxc6 exf2 51. Bxf2 Qb2 52. Ra8 Ne3+ 0-1